000 00319 a2200157 4500
001 62770
020 _a
040 _cAnchieta - Pituba
100 _aMARQUES FILHO, Octamar Pinto
240 1 0 _aMatemática
_lpor
245 1 0 _aMatemática
300 _a296
362 0 _a2003
650 4 _aMatemática
942 _cBK
999 _c62770
_d62770